| 000 | 01750nam a22003737a 4500 | ||
|---|---|---|---|
| 003 | OSt | ||
| 005 | 20230712094757.0 | ||
| 008 | 221006b |||||||| |||| 00| 0 eng d | ||
| 040 | _cBiblioteca Lado V | ||
| 082 |
_a905 _bF676r |
||
| 100 |
_9883 _aFonseca, Elizabeth _eeditor |
||
| 245 | _aRevista de Historia | ||
| 260 |
_c2002 _bUniversidad Nacional _aCosta Rica |
||
| 300 |
_c13.5x21cm _a337p. |
||
| 490 |
_v2002 _a45 _x1012-9790 |
||
| 505 | _aLa construcción nacional del territorio de Guatemala, 1825-1934 | ||
| 505 | _aIdentidad nacional, historia e invención de tradiciones en El Salvador | ||
| 505 | _aAntropólogos, arqueólogos, imperialismo y la mayanizacion de Honduras: 1890-1940 | ||
| 505 | _aInvención de una tradición: la fiesta de la independencia durante la construcción del estado costarricense, 1821-1874 | ||
| 505 | _aIdentidad nacional e intervención extranjera. Nicaragua, 1840-1930 | ||
| 505 | _aLa Invención de la diferencia costarricense, 1810-1870 | ||
| 505 | _aLas revoluciones liberales y su legitimidad. La restauración del orden republicano. La restauración del orden republicano. | ||
| 505 | _aSeccion Bibliografica | ||
| 505 | _aSeccion Documental | ||
| 650 |
_2Tesauro de Arte & Arquitectura _aHISTORIA |
||
| 650 |
_2Tesauro de Arte & Arquitectura _aHISTORIA DE CENTROAMERICA |
||
| 650 |
_2Tesauro de Arte & Arquitectura _aANTROPOLOGIA |
||
| 650 |
_2Tesauro de Arte & Arquitectura _aARQUEOLOGIA |
||
| 651 |
_2Tesauro de Arte & Arquitectura _aCOSTA RICA |
||
| 651 |
_2Tesauro de Arte & Arquitectura _aHONDURAS |
||
| 651 |
_2Tesauro de Arte & Arquitectura _aNICARAGUA |
||
| 651 |
_2Tesauro de Arte & Arquitectura _aEL SALVADOR |
||
| 942 |
_2ddc _c1 _h905 _iF676r _n0 |
||
| 999 |
_c4024 _d4024 |
||